Prežili vďaka nohaviciam Odetu pred krachom zachránili Angličania

Situácia vo výrobnom družstve Odeta Michalovce. Orientácia na západných odberateľov po rozpade systému veľkoobchodu a strate východných trhov. Počet zamestnancov a výrobný program, ktorý spočíva v šití pánskych nohavíc pre anglickú rodinnú firmu. Výhody tejto výrobnej spolupráce. Konkurencia na trhu...

Descrizione completa

Salvato in:
Dettagli Bibliografici
Autore principale: Matejovič, R.
Natura: Capitolo di libro
Lingua:slovacco
Soggetti:
Tags: Aggiungi Tag
Nessun Tag, puoi essere il primo ad aggiungerne!!

MARC

LEADER 00000naa a2200000 4500
001 r018200
005 20221213100542.2
041 0 |a slo 
044 |a SK 
245 1 0 |a Prežili vďaka nohaviciam  |b Odetu pred krachom zachránili Angličania  |c R. Matejovič 
520 |a Situácia vo výrobnom družstve Odeta Michalovce. Orientácia na západných odberateľov po rozpade systému veľkoobchodu a strate východných trhov. Počet zamestnancov a výrobný program, ktorý spočíva v šití pánskych nohavíc pre anglickú rodinnú firmu. Výhody tejto výrobnej spolupráce. Konkurencia na trhu s lacnými pracovnými silami. Obchodná spolupráca Odety s francúzskou firmou. 
610 2 0 |a družstvá výrobné 
610 2 0 |a Odeta Michalovce 
610 2 0 |a programy výrobné 
610 2 0 |a odevy 
610 2 0 |a textil 
610 2 0 |a vývoz 
610 2 0 |a podnikanie 
610 2 0 |a spolupráca podnikov 
610 2 0 |a odberatelia 
100 1 |a Matejovič, R.